The practical measurer, or tradesman and wood merchant's assistant (Record no. 114666)

MARC details
000 -LEADER
fixed length control field 01016cam a22001935a 4500
001 - CONTROL NUMBER
control field L157236
008 - FIXED-LENGTH DATA ELEMENTS--GENERAL INFORMATION
fixed length control field 121002s1824 xxk f 000 0 eng d
035 ## - SYSTEM CONTROL NUMBER
System control number (Sirsi) u157236
041 0# - LANGUAGE CODE
Language code of text/sound track or separate title eng
100 1# - MAIN ENTRY--PERSONAL NAME
Personal name Peddie, Alexander
245 04 - TITLE STATEMENT
Title The practical measurer, or tradesman and wood merchant's assistant
Remainder of title containing a variety of tables, shewing the superficial and solid content of bound, square, and unequal sided timber or stone : with many other subjects entertaining and useful. Designed for the use of artificers, wrights, carpenters, sawyers, plasterers, glaziers, builders, masons, bricklayers, wood merchants, painters, ditchers, causewaylayers, &c.
260 ## - PUBLICATION, DISTRIBUTION, ETC.
Place of publication, distribution, etc. Glasgow
Name of publisher, distributor, etc. Khull, Blackie, and Co.
Place of publication, distribution, etc. Edinburgh
Name of publisher, distributor, etc. A. Fullarton and Co.
Date of publication, distribution, etc. 1824
300 ## - PHYSICAL DESCRIPTION
Extent 230 p.
Other physical details ill.
Dimensions 15 cm.
520 ## - SUMMARY, ETC.
Summary, etc. Contains annotations, and has names inscribed on the front endpaper.
583 ## - ACTION NOTE
Action Condition reviewed
Time/date of action 20120620
Status condition level 1
651 #4 - SUBJECT ADDED ENTRY--GEOGRAPHIC NAME
Geographic name Great Britain
Chronological subdivision 1707-
690 ## - LOCAL SUBJECT ADDED ENTRY--TOPICAL TERM (OCLC, RLIN)
Topical term or geographic name as entry element Measurement
9 (RLIN) 6256
942 ## - ADDED ENTRY ELEMENTS (KOHA)
Suppress in OPAC 0
Holdings
Withdrawn status Lost status Source of classification or shelving scheme Damaged status Not for loan Home library Current library Shelving location Date acquired Total Checkouts Full call number Barcode Date last seen Copy number Price effective from Koha item type
    Dewey Decimal Classification     Historic collection Historic collection Historic collection 02/10/2012   OCTAVO 1824 PEDDIE 30077066 06/08/2019 1 06/08/2019 Book